Les personnages d'Iron Man 2 - #3 - Statistiques

Statistiques générales
  • Ce quiz a été pris 7 fois
  • Le résultat moyen est 7 sur 12
Statistiques - réponses
Réponse % Correct
Tony Stark / Iron Man
100%
Pepper Potts
83%
Ivan Vanko / Whiplash
67%
James Rhodes /War Machine
67%
Justin Hammer
67%
Natasha Romanoff / Black Widow
67%
Nick Fury
67%
Happy Hogan
50%
Howard Stark
50%
JARVIS
50%
Phil Coulson
50%
Sénateur Stern
17%
Aucun quiz correspondant
Distribution des résultats
% des personnes avec chaque résultat
Percentile par nombre de réponses
Votre historique - résultats
Vous n’avez pas pris ce quiz